000 00405nam a2200169Ia 4500
008 221030s9999 xx 000 0 und d
020 _a8129705427
041 _aEnglish
082 _a105.23
_bMil
100 _aG. H. Miller
245 0 _aMicrocomputer Engineering
_cby G. H. Miller
250 _a3rd
260 _bPearson Education
_aDelhi
_c2005
300 _a591
650 _aComputers
942 _cBK
999 _c2732
_d2732